LDR 00593naa#a2200169#i#450# 001 EN\\bibl\120504 005 20260419093121.7 011 ## _a1019-8946 100 ## _a20260410b2026####ek#y0engy0150####ca 102 ## _aRU 200 1# _aProbiotics are the basis of functional foods with added benefits _eJournal article 210 1# _aKemerovo _cKemerovo State University _d2026 215 ## _a3 с. 608 ## _aJournal article _2local 675 ## _aСельское хозяйство. Лесное хозяйство. Охота. Рыбное хозяйство. 63 _z 700 #1 _aGorina _gTamara A. 856 4# _ajsocnet.ru _u